Correct V2 - Statistics

General Stats
  • This quiz has been taken 5 times
  • The average score is 7 of 15
Answers on the Grid
Answers color-coded by a green-red scale on the quiz's grid according to % correct below.
Drunk
Forgave
Shut
Wore
Stealed
Shook
Lost
Last
Faund
Lit
Lighted
Married
Carried
Heared
Falled
Teached
Deleted
Answered
Traveled
Held
Holded
Founded
Found
FInd
Throwed
Cooked
RIded
Payed
Brang
Breaked
 
Answer Stats
Answer % Correct
Deleted
100%
Lost
100%
Forgave
67%
Founded
67%
Married
67%
Answered
33%
Carried
33%
Cooked
33%
Found
33%
Held
33%
Lit
33%
Shook
33%
Shut
33%
Traveled
33%
Wore
33%
No matching quizzes found
Score Distribution
Percent of People with Each Score
Percentile by Number Answered
Your Score History
You have not taken this quiz